000 00597nam a2200193Ii 4500
003 JO-AjNU
008 230605s9999||||xx |||||||||||||| ||und||
040 _aJO-AjNU
_bara
_erda
_cJO-AjNU
041 _aara
050 1 4 _aQD251.2 1988
100 3 _aابراهيم ، هدى الحاج ,
_eauthor
_916277
245 0 0 _aالكيمياء العضوية3
264 3 1 _aدمشق:مطبعة الجديدة ، 1989
300 _a270ص
336 _atext
_btxt
_2rdacontent
337 _aunmediated
_bn
_2rdamedia
338 _avolume
_bnc
_2rdacarrier
650 4 _aالكيمياء العضوية
_916278
999 _aA4787
_c8355
_d8355